000 00272nam a2200109Ia 4500
008 210107s9999 xx 000 0 und d
100 _aKelly, John M.
245 0 _aTotal quality management
260 _aRamsey
_bAlexander Hamilton Institute
300 _a292
942 _cBK
999 _c11395
_d11395